A Tale of Two Cities / (Record no. 905)

000 -LEADER
fixed length control field 00593nam a2200217 a 4500
008 - FIXED-LENGTH DATA ELEMENTS--GENERAL INFORMATION
fixed length control field 191107t1859 xxka|||g |||| 00| 0 eng d
020 ## - INTERNATIONAL STANDARD BOOK NUMBER
International Standard Book Number 9781784872823
Terms of availability Rs. 150.00
040 ## - CATALOGING SOURCE
Original cataloging agency IMU Kochi Library
Language of cataloging eng
041 0# - LANGUAGE CODE
Language code of text/sound track or separate title eng
044 ## - COUNTRY OF PUBLISHING/PRODUCING ENTITY CODE
MARC country code United Kingdom
082 04 - DEWEY DECIMAL CLASSIFICATION NUMBER
Edition number 23
Classification number 823.8
Item number D555
100 1# - MAIN ENTRY--PERSONAL NAME
Personal name Dickens, Charles
245 10 - TITLE STATEMENT
Title A Tale of Two Cities /
260 ## - PUBLICATION, DISTRIBUTION, ETC. (IMPRINT)
Place of publication, distribution, etc London :
Name of publisher, distributor, etc Vintage (Penguin Random House) ,
Date of publication, distribution, etc 1859
300 ## - PHYSICAL DESCRIPTION
Extent xi, 404 p. :
Other physical details ill. ;
Dimensions 18 cm.
650 #0 - SUBJECT ADDED ENTRY--TOPICAL TERM
Topical term or geographic name as entry element History
Form subdivision Revolution
Geographic subdivision France
700 ## - ADDED ENTRY--PERSONAL NAME
Personal name Phiz
Relator term Illustrator
852 ## - LOCATION/CALL NUMBER
Location IMU Kochi Library
904 ## - LOCAL DATA ELEMENT D, LDD (RLIN)
CATALOGER Akhil Bose
942 ## - ADDED ENTRY ELEMENTS (KOHA)
Item type Books
Holdings
Withdrawn status Lost status Source of classification or shelving scheme Damaged status Not for loan Collection code Permanent location Current location Shelving location Date acquired Source of acquisition Cost, normal purchase price Total Checkouts Total Renewals Full call number Barcode Date last seen Date last borrowed Koha item type Public note
          Fiction IMU Kochi Library IMU Kochi Library Fiction & General 2019-07-25 M/s The Book Syndicate (Inv. No. BS/38599 dt. 2019-07-17) 150.00 5 2 823.8 D555 BK005777 2024-11-20 2024-10-03 Books Shelf-19, Row-2


Copyright © All Rights Reserved by Indian Maritime University, Kochi Campus.
For any Suggestions/Query Contact to library or Email: library.kochi@imu.ac.in Ph:(0484)-2989402
(Web OPAC Designed by Rudra Ranjan. Maintained by IMU Kochi Library)

Powered by Koha